Visualizzazione normale
Vista MARC
- Giacomo Alberione
di Personal Name
Records bibliografici associati: 9
001 - CONTROL NUMBER
- control field: 1
003 - CONTROL NUMBER IDENTIFIER
- control field: OSt
005 - DATE AND TIME OF LATEST TRANSACTION
- control field: 20120321172522.0
008 - FIXED-LENGTH DATA ELEMENTS
- fixed length control field: 120321|| aca||aabn | a|a d
040 ## - CATALOGING SOURCE
- Original cataloging agency: OSt
100 a# - HEADING--PERSONAL NAME
- Personal name: Giacomo Alberione